Biblioteca

Eyes to see, ears to hear (Registro nro. 64991)

Detalles MARC
000 -LÍDER
Campo fijo de descripción fija 02657cam a2200385 i 4500
001 - NÚMERO DE CONTROL
Campo de control 16193431
003 - IDENTIFICADOR DEL NÚMERO DE CONTROL
Campo de control CO-MdFUSB
005 - FECHA Y HORA DE LA ULTIMA TRANSACCIÓN
control field 20190429121948.0
008 - ELEMENTOS DE LONGITUD FIJA -- INFORMACIÓN GENERAL
Campo fijo de descripción fija -- Información general 100419s2010 njua g b 011 0 eng
010 ## - NÚMERO DE CONTROL DE LA BIBLIOTECA DEL CONGRESO
Número de control LC 2010016527
020 ## - NÚMERO INTERNACIONAL NORMALIZADO PARA LIBROS
Número Internacional Normalizado del libro 9781596381223 (pbk.)
040 ## - FUENTE DE CATALOGACIÓN
Agencia de catalogación original DLC
Agencia que realiza la transcripción CO-MdFUSB
Agencia que realiza la modificación DLC
Idioma de catalogación spa
Convenciones de la descripción rda
041 ## - CÓDIGO DE IDIOMA
Código de idioma para texto/pista de sonido o título separado eng
042 ## - AUTHENTICATION CODE
Authentication code pcc
082 00 - NÚMERO DE CLASIFICACIÓN DECIMAL DEWEY
Número de la edición del Dewey 24
Número de clasificación G 230.0411
Clave de autor-Numero de item E97e
245 10 - TÍTULO
Título del Material Eyes to see, ears to hear
Parte restante del título - Subtitulo : essays in memory of J. Alan Groves
Mención de responsabilidad, etc. / editado por Peter Enns, Douglas J. Green, & Michael B. Kelly.
264 #1 - PRODUCCIÓN, PUBLICACIÓN, DISTRIBUCIÓN, MANUFACTURA, Y COPYRIGHT
Lugar de producción, publicación, distribución, manufactura Phillipsburg, New Jersey :
Nombre del productor, publicador, distribuidor P & R Publishing,
Fecha de producción, publicación, distribución, manufactura, o copyright ℗[2010]
264 #4 - PRODUCCIÓN, PUBLICACIÓN, DISTRIBUCIÓN, MANUFACTURA, Y COPYRIGHT
Fecha de producción, publicación, distribución, manufactura, o copyright ©2010
300 ## - DESCRIPCIÓN FÍSICA
Extensión xxxiii, 225 páginas :
Otros detalles físicos ilustraciones ;
Dimensiones 23 cm.
336 ## - TIPO DE CONTENIDO
Fuente rdacontent
Término de tipo de contenido texto
Código de tipo de contenido txt
337 ## - TIPO DE MEDIO
Fuente rdamedia
Nombre del tipo de medio sin mediación
Código del tipo de medio n
338 ## - TIPO DE SOPORTE
Fuente rdacarrier
Nombre del tipo de soporte volumen
Código Tipo de soporte nc
501 ## - NOTA DE “CON”
Nota de Contenido Incluye índices (páginas 205- 225)
505 ## - NOTA DE CONTENIDO
Nota de contenido con formato preestablecido ¿Por qué le pasan cosas malas a la gente buena? Un enfoque bíblico-teológico / Tremper Longman III -- Salmo 15: Una exposición en honor de Alan Groves / Bruce K. Waltke -- El Señor es el pastor de Cristo: el Salmo 23 como profecía mesiánica / Douglas J. Green -- Eclesiastés según el Evangelio: pensamientos cristianos sobre la teología de Qohelet / Peter Enns -- Teología bíblica y hermenéutica misional: una pareja para el cielo. . . ¿en la tierra? / Michael B. Kelly -- El quinto evangelio / Adrian T. Smith -- Él cargó nuestros pecados: reflexiones apostólicas sobre Isaías 53 / Karen H. Jobes -- La madre y los hermanos de la verdadera Israel: reflexiones sobre los sirvientes y el servicio en Isaiah / Christopher J. Fantuzzo -- La via dolorosa de Israel: Hacia una apreciación de las Lamentaciones como escritura / Bradley C. Gregory -- Jonas y Janus: la hermenéutica de los personajes y las dos caras de Jonas en la historia de la interpretación / Samuel L. Boyd -- La belleza en la cultura de un iPod: reflexiones sobre la mediación y la ética cristiana / William Edgar -- El legado de J. Alan Groves: una historia oral / Kirk E. Lowery -- ¿Ha pasado algo tan grandioso como esto? El papel de Deuteronomio 4: 32-35 en la historia de la Redención / J. Alan Groves -- Curriculum Vitae / J. Alan Groves
630 07 - TITULO UNIFORME
Título uniforme Biblia
Subdivisión de materia general Crítica, interpretación, etc.
700 1# - ASIENTO SECUNDARIO - NOMBRE PERSONAL
Nombre personal Groves, J. Alan.
700 1# - ASIENTO SECUNDARIO - NOMBRE PERSONAL
Nombre personal Enns, Peter,
Fechas asociadas con el nombre 1961-
700 1# - ASIENTO SECUNDARIO - NOMBRE PERSONAL
Nombre personal Green, Douglas J.,
Fechas asociadas con el nombre 1953-
700 1# - ASIENTO SECUNDARIO - NOMBRE PERSONAL
Nombre personal Kelly, Michael B.,
Fechas asociadas con el nombre 1965-
906 ## - LOCAL DATA ELEMENT F, LDF (RLIN)
a 7
b cbc
c orignew
d 1
e ecip
f 20
g y-gencatlg
942 ## - TIPO DE MATERIAL (KOHA)
Tipo de Item KOHA Libros General
Existencias
Estado de Material Estado de Perdido Forma de Clasificación Estado de Dañado No para Préstamo Colección Biblioteca de Origen Biblioteca Permanente Fecha de Adquisición Total de Préstamos Signatura Topográfica Código de Barras Última vez visto Ejemplar/Existencia Fecha de Remplazo Tipo de Material
    Dewey Decimal Classification     Colección General Biblioteca FUSBC Biblioteca FUSBC 29/04/2019   G 230.0411 E97e 9836 13/04/2026 Ej. 1 29/04/2019 Libros General

Biblioteca FUSBC | Teléfono: (57+4) 349 88 10 Ext. 141| WhatsApp (+57) 3005338115 
E-mail: biblioteca@unisbc.edu.co | Calle 76 87-14 Robledo Palenque, Medellín, Colombia

Con tecnología Koha